000 00439nam a2200145 i 4500
001 bg
100 0 _aAristoteles
_d(384-322 a.C.).
245 0 _aDzieła wszystkie.
_nT. 1,
_pKategorie. Hermeneutyka. Analityki pierwsze. Analityki wtóre. Tropiki. O dowodach sofistycznych /
_cArystoteles.
260 _aWarszawa,
_c1990.
040 _cBPK
041 _apol
080 _a1(081)
942 _cKS
008 s pl f |000 0 pol
999 _c29074
_d29074
856 _uhttp://koha.tu.koszalin.pl/cgi-bin/koha/opac-detail.pl?biblionumber=29074
_yKatalog online BPK